Statistics for Clubs in the US Soccer Pyramid

Click here to take the quiz!

General Stats

  • This quiz has been taken 22 times
  • The average score is 53 of 62

Answer Stats

HintAnswer% Correct
GeorgiaMajor League SoccerAtlanta United FC
100%
TexasMajor League SoccerAustin FC
100%
IllinoisMajor League SoccerChicago Fire FC
100%
ColoradoMajor League SoccerColorado Rapids
100%
OhioMajor League SoccerColumbus Crew
100%
MichiganUSL ChampionshipDetroit City FC
100%
TexasMajor League SoccerFC Dallas
100%
TexasMajor League SoccerHouston Dynamo FC
100%
FloridaMajor League SoccerInter Miami CF
100%
CaliforniaMajor League SoccerLAFC
100%
CaliforniaMajor League SoccerLA Galaxy
100%
NevadaUSL ChampionshipLas Vegas Lights FC
100%
MinnesotaMajor League SoccerMinnesota United FC
100%
New YorkMajor League SoccerNew York Red Bulls
100%
FloridaMajor League SoccerOrlando City SC
100%
OregonMajor League SoccerPortland Timbers
100%
UtahMajor League SoccerReal Salt Lake
100%
CaliforniaUSL ChampionshipSan Diego Loyal SC
100%
WashingtonMajor League SoccerSeattle Sounders FC
100%
KansasMajor League SoccerSporting Kansas City
100%
MissouriMajor League SoccerSt. Louis City SC
100%
District of ColumbiaMajor League SoccerDC United
92%
OhioMajor League SoccerFC Cincinatti
92%
TennesseeMajor League SoccerNashville SC
92%
MassachusettsMajor League SoccerNew England Revolution
92%
New MexicoUSL ChampionshipNew Mexico United
92%
CaliforniaUSL ChampionshipOrange County SC
92%
ArizonaUSL ChampionshipPhoenix Rising
92%
PennsylvaniaUSL ChampionshipPittsburgh Riverhounds SC
92%
CaliforniaUSL ChampionshipSacramento Republic FC
92%
TexasUSL ChampionshipSan Antonio FC
92%
CaliforniaMajor League SoccerSan Jose Earthquakes
92%
FloridaUSL ChampionshipTampa Bay Rowdies
92%
South CarolinaUSL ChampionshipCharleston Battery
85%
North CarolinaMajor League SoccerCharlotte FC
85%
TexasUSL ChampionshipEl Paso Locomotive FC
85%
ConnecticutUSL ChampionshipHartford Athletic
85%
KentuckyUSL ChampionshipLouisville City FC
85%
FloridaUSL ChampionshipMiami FC
85%
New YorkMajor League SoccerNew York City FC
85%
AlabamaUSL ChampionshipBirmingham Legion
77%
TennesseeUSL League OneChattanooga Red Wolves SC
77%
ColoradoUSL ChampionshipColorado Springs Switchbacks FC
77%
OklahomaUSL ChampionshipFC Tulsa
77%
WisconsinUSL League OneForward Madison FC
77%
IndianaUSL ChampionshipIndy Eleven
77%
KentuckyUSL League OneLexington SC
77%
VirginiaUSL ChampionshipLoudoun United FC
77%
TennesseeUSL ChampionshipMemphis 901 FC
77%
CaliforniaUSL ChampionshipOakland Roots SC
77%
PennsylvaniaMajor League SoccerPhiladelphia Union
77%
VirginiaUSL League OneRichmond Kickers
77%
TexasUSL ChampionshipRio Grande Valley FC
77%
NebraskaUSL League OneUnion Omaha
77%
North CarolinaUSL League OneCharlotte Independence
69%
North CarolinaUSL League OneNorth Carolina FC
69%
TennesseeUSL League OneOne Knoxville SC
69%
CaliforniaUSL ChampionshipMonterey Bay FC
54%
CaliforniaUSL League OneCentral Valley Fuego FC
46%
GeorgiaUSL League OneSouth Georgia Tormenta FC
46%
ColoradoUSL League OneNorthern Colorado Hailstorm FC
38%
South CarolinaUSL ChampionshipGreenville Triumph SC
31%

Score Distribution

Percentile by Number Answered

Percent of People with Each Score

Your Score History

You have not taken this quiz